La tragedia en el mesón o Los dos contrabandistas (Registro nro. 152865)

Detalles MARC
000 -LEADER
campo de control de longitud fija 01137nam a2200241 i 4500
001 - NÚMERO DE CONTROL
campo de control 152865
003 - IDENTIFICADOR DE NÚMERO DE CONTROL
campo de control ES-MaACL
005 - FECHA Y HORA DE LA ÚLTIMA TRANSACCIÓN
campo de control 20251217063019.0
008 - DATOS DE LONGITUD FIJA--INFORMACIÓN GENERAL
campo de control de longitud fija 931025s1891 sp |||| | spa d
040 ## - FUENTE DE CATALOGACIÓN
Centro catalogador/agencia de origen PAB
Lengua de catalogación spa
Centro/agencia transcriptor PAB
100 1# - ENTRADA PRINCIPAL--NOMBRE DE PERSONA
Nombre de persona Burgos, Javier de,
Fechas asociadas al nombre 1842-1902
9 (RLIN) 139909
245 13 - MENCIÓN DEL TÍTULO
Título La tragedia en el mesón o Los dos contrabandistas
Resto del título : sainete lírico en un acto dividido en tres cuadros, en verso /
Mención de responsabilidad, etc. original de Javier de Burgos ; música del maestro Nieto.
260 ## - PUBLICACIÓN, DISTRIBUCIÓN, ETC.
Lugar de publicación, distribución, etc. Madrid :
Nombre del editor, distribuidor, etc. [Arregui y Aruej, Editores],
Fecha de publicación, distribución, etc. 1891 (
Fabricante R. Velasco, impresor)
300 ## - DESCRIPCIÓN FÍSICA
Extensión 46 p. ;
Dimensiones 20 cm.
490 1# - MENCIÓN DE SERIE
Mención de serie Biblioteca lírico-dramática y teatro cómico
500 ## - NOTA GENERAL
Nota general Solo el texto.
594 ## - Nota al título y mención de responsabilidad
Nota al título y mención de responsabilidad En port.: Consta que fue estrenado en el Teatro de Apolo, el día 16 de diciembre de 1891.
596 ## - NOTA AL PIE DE IMPRENTA
NOTA AL PIE DE IMPRENTA Editor tomado de la cub.
700 1# - ENTRADA AGREGADA--NOMBRE PERSONAL
Nombre de persona Nieto, Manuel,
Fechas asociadas al nombre 1844-1915
9 (RLIN) 130485
830 00 - PUNTO DE ACCESO ADICIONAL DE SERIE-TÍTULO UNIFORME
Título uniforme Biblioteca lirico-dramática y teatro cómico
9 (RLIN) 188056
852 ## - LOCALIZACIÓN
Ubicación ES-MaACL
Número de control de estantería D-692(6)
Nota libre -- Enc. hol.
-- -- Legado M. de la Fuente
-- -- Dedic. ms. del autor a Julián Romea
-- -- Enc. en un vol. facticio
Existencias
Estatus retirado Estado de pérdida Estado de daño No para préstamo Colección Biblioteca de origen Biblioteca actual Ubicación en estantería Fecha de adquisición Fuente de adquisición Total de préstamos Signatura topográfica completa Código de barras Visto por última vez Precio de reemplazo Tipo de ítem Koha
        Libros del s. XIX Biblioteca del Ateneo de Madrid Biblioteca del Ateneo de Madrid Sala Valle Inclán 17/01/2008     D-692 901159657 23/02/2023 23/02/2023 Libro impreso antiguo